Представление документа в формате RUSMARC

ПолеНазваниеЗначение
  Тип записи a
  Библиографический уровень m
001 Контрольный номер af6bbe5e5f4f43379a8ba5019a2e07ea
005 Дата корректировки 20230518113948.5
010 Индекс ISBN __
a ISBN 978-5-00083-439-8 (в пер.)
d Цена 720-00
100 Данные общей обработки __
a Данные общей обработки 19190211d2018|||||||y0rusy0189 ca
101 Язык документа 0_
a Язык текста rus
102 Страна публикации __
a Страна публикации RU
102 Страна публикации __
a Страна публикации RU
105 Кодированные данные (монография) __
a Кодированные данные (монография) a|||||||000zy
200 Заглавие и сведения об ответственности 1_
a Заглавие Голод
e Сведения, относящиеся к заглавию [экстремальный пикник : для среднего и старшего школьного возраста]
f Первые сведения об ответственности Евгений Рудашевский ; [научный редактор И. Н. Дьяков ; художник-иллюстратор Анна Куликова ; автор обложки Маргарита Чечулина]
b Общее обозначение материала Текст
210 Выходные данные 1_
a Место издания Москва
c Издательство КомпасГид
d Дата издания 2018
215 Физическое описание __
a Объем 158, [3] с.
c Иллюстрации/тип воспроизводства цв. ил.
d Формат 24 см
225 Серия 2_
a Серия Экстремальный пикник
v Обозначение тома кн. 3
300 Общие примечания __
a Общие примечания Книга на пружине
330 Аннотация __
a Аннотация "Голод" - третья книга серии. Как и все, она разделена по уровням сложности ситуаций: зелёный - всё в штатном режиме, жёлтый - у вас возникли некоторые трудности, красный - серьёзные проблемы. В "зелёных" главах автор объясняет основы основ: как рассчитать рацион для похода, как приготовить самые вкусные походные блюда. Вы узнаете много интересного. Как вам, например, тот факт, что даже лежа на диване человек расходует энергию? Её тоже нужно восполнять, не говоря уж о бесчисленных калориях, что тратятся, когда вы продираетесь через чащу. Если же все запасы уже съедены, а идти ещё далеко, поможет "жёлтый" раздел: о подножном корме, заначках и чужих тайниках Евгений Рудашевский рассказывает красочно и в деталях. "Красный" раздел рассчитан на отчаянных экстремалов: как перетерпеть голод, перекусить червяком или жуком, поймать рыбу голыми руками. Не обходятся уважающие себя путешественники или отпускники и без развлечений, а потому советы, как удивить-порадовать спутников и не оставить их голодными (специальная глава в конце), помогут не меньше. Чувствуете зов Больших Приключений? Так будьте к ним готовы!Для среднего и старшего школьного возраста.
606 Тематические рубрики __
a Основная рубрика Военное дело
606 Тематические рубрики __
a Основная рубрика Гражданская защита в целом
610 Ключевые слова 0_
a Ключевые слова детский туризм
610 Ключевые слова 0_
a Ключевые слова детская литература
610 Ключевые слова 0_
a Ключевые слова походы
610 Ключевые слова 0_
a Ключевые слова туристические походы
610 Ключевые слова 0_
a Ключевые слова туристские походы
610 Ключевые слова 0_
a Ключевые слова экстремальные природные условия
610 Ключевые слова 0_
a Ключевые слова экстремальные условия
610 Ключевые слова 0_
a Ключевые слова выживание
610 Ключевые слова 0_
a Ключевые слова природа
610 Ключевые слова 0_
a Ключевые слова безопасность
610 Ключевые слова 0_
a Ключевые слова безопасность на природе
610 Ключевые слова 0_
a Ключевые слова голод
610 Ключевые слова 0_
a Ключевые слова добывание пищи
610 Ключевые слова 0_
a Ключевые слова питание
610 Ключевые слова 0_
a Ключевые слова еда
610 Ключевые слова 0_
a Ключевые слова пища
686 Индексы других классификаций __
2 Код системы rubbks
a Классификационный индекс ст68.9
700 Автор _1
a Фамилия Рудашевский
b Имя Е. В.
f Даты 1987-
g Полное личное имя Евгений Всеволодович
4 Код отношения 070
702 Вторичная интеллектуальная ответственность _1
a Фамилия Куликова
b Имя А.
4 Код отношения Художник
g Полное личное имя Анна
4 Код отношения 040
702 Вторичная интеллектуальная ответственность _1
a Фамилия Чечулина
b Имя М.
4 Код отношения Иллюстратор
g Полное личное имя Маргарита
4 Код отношения 440
702 Вторичная интеллектуальная ответственность _1
a Фамилия Дьяков
b Имя И. Н.
4 Код отношения Редактор
4 Код отношения 340
801 Источник записи _2
a Страна RU
b Организация Муниципальное бюджетное учреждение культуры "Централизованная библиотечная система" г. Сургут (Центральная городская библиотека им. А. С. Пушкина)
c Дата составления 20190211
852 Данные о местонахождении __
j Шифр хранения ст68.9
i Авторский знак Р 83
901 Тип документа __
a Ответственный КиК/Котельникова
t Тип документа m
903 Характеристики (МАРС) __
a Дата передачи 20190211
969 Тип издания __
a Тип издания издание для детей
990 Данные о заказе (DOS) __
j Количество экземпляров (DOS) 6
t N записи в КСУ для И/У (DOS) 201902